00594 a2200169 4500003000400000005001700004008004100021020001800062040000900080082002100089245007000110260003900180300000900219942004800228952013100276999001700407OSt20231216154526.0231216b |||||||| |||| 00| 0 eng d a9789350728376 coclc a891.43009bKOV/H aHINDI DALIT SAHITYA EK MOOLYANKAN /cedited by Dr. Pramod Kovprat aNew Delhi:bVani Prakashan,c2016. a200p 2ddccBKh891.43009iKOV/Hk891.43009mKOV/H 00102ddc40708LITaMESbMEScHINd2023-12-16l0o891.43009 KOV/Hp43082r2023-12-16 15:46:13v475.00w2023-12-16yBKzGR6R4 c43448d43448